000 00676nam a2200217 a 4500
001 000044669
005 20240412074303.0
008 141215s2014 dr 000 j spa d
020 _a9789945489064
040 _aDO-SdBNP
_bspa
_cBNPHU
082 _aRD863.5
_bC399h, 2014
100 1 _aCepeda, Ginni
_d1986-
_972678
245 1 0 _aHistorias inequívocas :
_bcuentos breves /
_cGinni Cepeda.
250 _a3a. ed.
260 _aSanto Domingo :
_bMinisterio de Educación,
_c2014.
300 _a114 p. ;
_c21 cm.
590 _aInventariado, 2020/YL
650 4 _aCuentos dominicana
_929124
650 0 _aLiteratura dominicana.
_967
910 _aValidado. Control de calidad MFF
999 _c44158
_d44158